书目信息 |
| 题名: |
汽车空调构造与维修
|
|
| 作者: | 梁永浩 , 王玉凤 主编 | |
| 分册: | ||
| 出版信息: | 武汉 华中科技大学出版社 2017.06 |
|
| 页数: | 135页 | |
| 开本: | 26cm | |
| 丛书名: | ||
| 单 册: | ||
| 中图分类: | U463.850.3 , U472.41 | |
| 科图分类: | ||
| 主题词: | 汽车空调--构造 , 汽车空调--维修 | |
| 电子资源: | ||
| ISBN: | 978-7-5680-2888-2 | |
| 000 | 01005nam0 2200265 450 | |
| 001 | 1157 | |
| 005 | 20180927141548.13 | |
| 010 | @a978-7-5680-2888-2@dCNY26.00 | |
| 100 | @a20170905d2017 em y0chiy50 ea | |
| 101 | 0 | @achi |
| 102 | @aCN@b420000 | |
| 105 | @aa z 000yy | |
| 200 | 1 | @a汽车空调构造与维修@9qi che kong tiao gou zao yu wei xiu@f梁永浩,王玉凤主编 |
| 210 | @a武汉@c华中科技大学出版社@d2017.06 | |
| 215 | @a135页@c图@d26cm | |
| 300 | @a职业教育汽车类专业“双证课程”培养方案教材 国家高技能人才培训基地建设项目成果系列教材 | |
| 330 | @a本书选取了汽车空调系统的保养、汽车空调系统完全不制冷、汽车空调制冷不足故障检修、汽车空调间歇性不制冷故障检修、汽车空调无暖气障检修、汽车自动空调的认知等六个代表性工作任务作为章节。 | |
| 606 | 0 | @a汽车空调@x构造 |
| 606 | 0 | @a汽车空调@x维修 |
| 690 | @aU463.850.3@v5 | |
| 690 | @aU472.41@v5 | |
| 701 | 0 | @a梁永浩@9liang yong hao@4主编 |
| 701 | 0 | @a王玉凤@9wang yu feng@4主编 |
| 801 | 0 | @aCN@b91MARC@c20170905 |
| 905 | @aMuseLib@dU463.850.3@e721 | |
| 汽车空调构造与维修/梁永浩,王玉凤主编.-武汉:华中科技大学出版社,2017.06 |
| 135页:图;26cm |
| 职业教育汽车类专业“双证课程”培养方案教材 国家高技能人才培训基地建设项目成果系列教材 |
| ISBN 978-7-5680-2888-2:CNY26.00 |
| 本书选取了汽车空调系统的保养、汽车空调系统完全不制冷、汽车空调制冷不足故障检修、汽车空调间歇性不制冷故障检修、汽车空调无暖气障检修、汽车自动空调的认知等六个代表性工作任务作为章节。 |
| ● |
| 相关链接 |
|
|
|
|
正题名:汽车空调构造与维修
索取号:U463.850.3/721
 
预约/预借
| 序号 | 登录号 | 条形码 | 馆藏地/架位号 | 状态 | 备注 |
| 1 | 1121444 | 211214443 | 第二样本阅览室/ [索取号:U463.850.3/721] | 在馆 | |
| 2 | 1121445 | 211214452 | 第三借阅区/ [索取号:U463.850.3/721] | 在馆 | |
| 3 | 1121446 | 211214461 | 第三借阅区/ [索取号:U463.850.3/721] | 在馆 | |
| 4 | 1121447 | 211214470 | 第三借阅区/ [索取号:U463.850.3/721] | 在馆 | |
| 5 | 1121448 | 211214489 | 第三借阅区/ [索取号:U463.850.3/721] | 在馆 |